| 000 | 00797nam a2200241 4500 | ||
|---|---|---|---|
| 003 | OSt | ||
| 005 | 20230830074309.0 | ||
| 008 | 708 R549v | ||
| 040 | _cLado V | ||
| 082 |
_a708 _bP944p |
||
| 100 |
_9978 _aPrezeau, Barbara _eautor |
||
| 245 | _aPrezeau/ | ||
| 260 |
_aEcuador _aQuito _bThe Canada Council _c1993 |
||
| 300 |
_a22p. _c17x24cm |
||
| 650 |
_2Tesauro de Arte & Arquitectura _aARTE _9702 |
||
| 650 |
_2Tesauro de Arte & Arquitectura _aPINTURA _9702 |
||
| 650 |
_2Tesauro de Arte & Arquitectura _aTEJIDOS |
||
| 650 |
_2Tesauro de Arte & Arquitectura _aTEXTILES |
||
| 650 |
_2Tesauro de Arte & Arquitectura _aACERO |
||
| 650 |
_2Tesauro de Arte & Arquitectura _aMADERA |
||
| 650 |
_2Tesauro de Arte & Arquitectura _aEXHIBICION _9702 |
||
| 942 |
_2ddc _c1 _h708 _iP944r _n0 |
||
| 999 |
_c4223 _d4223 |
||